Science Quiz

Random Science or Geology Quiz

Is That a Real Gemstone? Quiz Stats

 Plays Quiz Updated Apr 29, 2015

Also try: Which One Is That?
Challenge
Share
Tweet
Embed
Score 0/15 Timer 03:00
1 Play Today
% Correct
Ruby
96.5%
Diamond
96.5%
Emerald
96.2%
Sapphire
96%
Amethyst
94.9%
Garnet
91.8%
Agate
83.1%
Lapis
81%
% Correct
Tourmaline
77.8%
Calcite
77.4%
Citrine
77%
Apatite
50.4%
Aventurine
41.4%
Epidote
40%
Unakite
25.2%

You're not logged in!

Compare scores with friends on all Sporcle quizzes.
Join for Free
OR
Log In

You Might Also Like...

Show Comments

Extras

Top Quizzes Today


Score Distribution

Your Account Isn't Verified!

In order to create a playlist on Sporcle, you need to verify the email address you used during registration. Go to your Sporcle Settings to finish the process.

Report this User

Report this user for behavior that violates our Community Guidelines.

Details: